[Event "NWFD Ch 2019 Men"]
[Site "St. Petersburg"]
[Date "2019.03.08"]
[Round "2.1"]
[White "Nekipelov, Dimitry"]
[Black "Rozum, Ivan"]
[Result "0-1"]
[WhiteElo "2197"]
[BlackElo "2573"]
[PlyCount "80"]
[EventDate "2019.03.07"]

1. Nf3 g6 2. g3 Bg7 3. d4 d6 4. Bg2 Nf6 5. O-O O-O 6. c4 Nc6 7. d5 Na5 8. Nfd2
c6 9. Nc3 cxd5 10. cxd5 Bd7 11. Nb3 Nc4 12. Nd2 Qc7 13. Qb3 Na5 14. Qb4 Rfc8
15. h3 Qb6 16. Qh4 h6 17. Nde4 g5 18. Nxf6+ exf6 19. Qh5 Nc4 20. b3 Qd4 21. Ne4
Qxa1 22. bxc4 Qe5 23. Ba3 g4 24. Qh4 Rxc4 25. Bxd6 Qb2 26. Bf4 f5 27. Nd6 Rxf4
28. gxf4 Qxe2 29. Qh5 Rf8 30. Nxf5 Bxf5 31. Qxf5 gxh3 32. Qxh3 Qxa2 33. d6 Qd2
34. Qa3 b5 35. Rb1 Rb8 36. Bh3 Qxf4 37. d7 Bd4 38. Rf1 Kh8 39. Kh1 Rg8 40. Qe7
Be5 0-1

[Event "NWFD Ch 2019 Men"]
[Site "St. Petersburg"]
[Date "2019.03.08"]
[Round "2.2"]
[White "Solozhenkin, Evgeniy"]
[Black "Mironov, Vadim"]
[Result "1-0"]
[WhiteElo "2460"]
[BlackElo "2181"]
[PlyCount "55"]
[EventDate "2019.03.07"]

1. d4 Nf6 2. c4 e5 3. dxe5 Ne4 4. a3 Nc6 5. Nf3 d6 6. Qc2 Bf5 7. Nc3 Ng3 8. e4
Nxh1 9. exf5 Nxe5 10. Nxe5 dxe5 11. Be3 c6 12. Qe4 Be7 13. Bd3 Qa5 14. c5 O-O-O
15. b4 Qc7 16. O-O-O h6 17. Rxh1 Bg5 18. Kc2 Rd7 19. Be2 Kb8 20. Qg4 Rhd8 21.
Ne4 Bxe3 22. fxe3 f6 23. Nd6 b6 24. Qe4 a5 25. Rb1 axb4 26. Qxb4 b5 27. Bxb5
cxb5 28. Qxb5+ 1-0

[Event "NWFD Ch 2019 Men"]
[Site "St. Petersburg"]
[Date "2019.03.08"]
[Round "2.3"]
[White "Karalkin, Maksim"]
[Black "Nesterov, Arseniy"]
[Result "1/2-1/2"]
[WhiteElo "2174"]
[BlackElo "2412"]
[PlyCount "52"]
[EventDate "2019.03.07"]

1. e4 e5 2. Nf3 Nc6 3. Bb5 a6 4. Ba4 Nf6 5. O-O b5 6. Bb3 Bc5 7. c3 d6 8. a4
Rb8 9. d4 Bb6 10. Na3 O-O 11. axb5 axb5 12. Nxb5 Bg4 13. Bc2 exd4 14. Nbxd4
Nxd4 15. cxd4 Bxf3 16. gxf3 Nh5 17. Kh1 Qf6 18. Ra4 c5 19. f4 Nxf4 20. e5 dxe5
21. dxe5 Qc6+ 22. Be4 Qb5 23. Bxh7+ Kxh7 24. Rxf4 Qc6+ 25. Qf3 Qxf3+ 26. Rxf3
Bc7 1/2-1/2

[Event "NWFD Ch 2019 Men"]
[Site "St. Petersburg"]
[Date "2019.03.08"]
[Round "2.4"]
[White "Ufimtsev, Egor"]
[Black "Gogolev, Artem"]
[Result "1/2-1/2"]
[WhiteElo "2148"]
[BlackElo "2388"]
[PlyCount "26"]
[EventDate "2019.03.07"]

1. d4 Nf6 2. c4 e6 3. Nc3 Bb4 4. e3 c5 5. Nge2 cxd4 6. exd4 O-O 7. a3 Be7 8.
Nf4 d6 9. Bd3 e5 10. dxe5 dxe5 11. Nfd5 Nxd5 12. Nxd5 Bc5 13. Qh5 f5 1/2-1/2

[Event "NWFD Ch 2019 Men"]
[Site "St. Petersburg"]
[Date "2019.03.08"]
[Round "2.5"]
[White "Samojlov, Anton"]
[Black "Krasovskiy, Sviatoslav"]
[Result "1-0"]
[WhiteElo "2332"]
[BlackElo "2145"]
[PlyCount "93"]
[EventDate "2019.03.07"]

1. Nf3 Nf6 2. c4 e6 3. Nc3 Bb4 4. Qc2 O-O 5. a3 Bxc3 6. Qxc3 b6 7. b4 Bb7 8.
Bb2 d6 9. e3 Nbd7 10. Be2 Qe7 11. O-O a5 12. d3 axb4 13. axb4 Rxa1 14. Rxa1 Ra8
15. Rxa8+ Bxa8 16. Nd4 Qd8 17. Nb5 Bc6 18. Nd4 Bb7 19. Qb3 Qa8 20. f3 Ne8 21.
Nb5 Bc6 22. Nc3 Nef6 23. d4 Bb7 24. b5 h6 25. Na2 Kf8 26. Nb4 Kg8 27. Nd3 Qa5
28. Bc3 Qa8 29. e4 c5 30. bxc6 Bxc6 31. d5 Qa4 32. Qb4 exd5 33. exd5 Qxb4 34.
Bxb4 Ba4 35. Bxd6 b5 36. Nb2 Nb6 37. Nxa4 Nxa4 38. cxb5 Nxd5 39. Kf2 Nab6 40.
Bc5 f5 41. Bd3 g6 42. g4 fxg4 43. fxg4 Na4 44. Bd4 Kh7 45. h4 Nab6 46. h5 Nf4
47. Bxg6+ 1-0

[Event "NWFD Ch 2019 Men"]
[Site "St. Petersburg"]
[Date "2019.03.08"]
[Round "2.6"]
[White "Shpak, Alexandr"]
[Black "Toivonen, Alexander V"]
[Result "1/2-1/2"]
[WhiteElo "2141"]
[BlackElo "2304"]
[PlyCount "100"]
[EventDate "2019.03.07"]

1. d4 d5 2. c4 c6 3. cxd5 cxd5 4. Bf4 Nc6 5. e3 Nf6 6. Nc3 a6 7. Be2 Bf5 8. g4
Bg6 9. Qb3 e6 10. Qxb7 Na5 11. Qc7 Bb4 12. Qxd8+ Kxd8 13. Nf3 Ne4 14. Kf1 Bxc3
15. bxc3 Nxc3 16. Rc1 Nxe2 17. Kxe2 Nc4 18. Ne5 Nxe5 19. Bxe5 f6 20. Bg3 Be8
21. Rc7 Bd7 22. Rb1 Ke7 23. Rbb7 Rhd8 24. Kd2 Rac8 25. Ra7 Rxc7 26. Bxc7 Rc8
27. Bb6 Rc4 28. Bc5+ Ke8 29. Rxa6 Ra4 30. Rxa4 Bxa4 31. Kc3 Bd1 32. Kb4 Bxg4
33. a4 Kd7 34. Bf8 Kc6 35. Bxg7 f5 36. Bf8 f4 37. exf4 Bf5 38. Bc5 Bd3 39. Kc3
Bf5 40. Kd2 Bg6 41. h4 Bf5 42. h5 Bg4 43. h6 Bf5 44. Ke3 Bc2 45. f5 Bxf5 46.
Kf4 Kb7 47. a5 Ka6 48. Bb6 Kb7 49. Ke5 Ka6 50. Kd6 Kb7 1/2-1/2

[Event "NWFD Ch 2019 Men"]
[Site "St. Petersburg"]
[Date "2019.03.08"]
[Round "2.7"]
[White "Cherepanov, Vladislav"]
[Black "Skuratovich, Yakov"]
[Result "1-0"]
[WhiteElo "2302"]
[BlackElo "2101"]
[PlyCount "57"]
[EventDate "2019.03.07"]

1. d4 Nf6 2. c4 g6 3. Nc3 Bg7 4. e4 d6 5. f3 e5 6. d5 O-O 7. Bg5 h6 8. Be3 Nh5
9. Nge2 f5 10. Qd2 f4 11. Bf2 a6 12. Nc1 Nd7 13. b4 b6 14. Nb3 Qe7 15. O-O-O a5
16. a3 axb4 17. axb4 Ndf6 18. Kb2 Bd7 19. Be2 g5 20. c5 bxc5 21. bxc5 Rfb8 22.
c6 Be8 23. Ra1 Rxa1 24. Rxa1 Qf7 25. Nb5 g4 26. Ra7 Qg6 27. Rb7 Rd8 28. Nxc7
Bf7 29. Nb5 1-0

[Event "NWFD Ch 2019 Men"]
[Site "St. Petersburg"]
[Date "2019.03.08"]
[Round "2.8"]
[White "Zaykov, Sergey"]
[Black "Suleymanyants, Odisey"]
[Result "1-0"]
[WhiteElo "2138"]
[BlackElo "2259"]
[PlyCount "83"]
[EventDate "2019.03.07"]

1. Nf3 d5 2. c4 e6 3. e3 Nf6 4. b3 a5 5. Nc3 Be7 6. Bb2 O-O 7. Qb1 c6 8. Ng5 e5
9. Ne2 h6 10. Nf3 e4 11. Nfd4 a4 12. Nf4 Na6 13. Be2 Nc5 14. O-O Re8 15. Bc3
axb3 16. axb3 Bg4 17. f3 exf3 18. gxf3 Bd7 19. Kh1 Bd6 20. Nd3 Rxa1 21. Qxa1
Nxd3 22. Bxd3 c5 23. Nf5 Bxf5 24. Bxf5 d4 25. exd4 Nh5 26. Re1 g6 27. dxc5 Bb8
28. Rxe8+ Qxe8 29. Be4 Qe7 30. Qe1 Nf4 31. Qf2 h5 32. Qd4 f6 33. Qxf6 Qxf6 34.
Bxf6 Kf7 35. Bc3 Ba7 36. b4 b6 37. cxb6 Bxb6 38. c5 Bd8 39. Be5 g5 40. c6 Ne6
41. Bd5 Ke7 42. Bxe6 1-0

[Event "NWFD Ch 2019 Men"]
[Site "St. Petersburg"]
[Date "2019.03.08"]
[Round "2.9"]
[White "Kuznetsov, Mikhail"]
[Black "Rudenko, Naum"]
[Result "0-1"]
[WhiteElo "1895"]
[BlackElo "2231"]
[PlyCount "52"]
[EventDate "2019.03.07"]

1. d4 e6 2. c4 d5 3. Nc3 c6 4. e3 Bd6 5. Nf3 f5 6. Bd3 Nf6 7. O-O O-O 8. b3 Ne4
9. Bb2 Nd7 10. Qc2 Rf6 11. Ne2 Rh6 12. g3 Qf6 13. h4 Qf7 14. Nf4 Ndf6 15. Kg2
Ng4 16. Qe2 Bd7 17. Nh3 Rf8 18. Bxe4 dxe4 19. Nfg5 Qe7 20. Nxe4 fxe4 21. Qxg4
e5 22. Qe2 Bxh3+ 23. Kxh3 Rf3 24. Kg2 exd4 25. exd4 Qxh4 26. Rh1 Rxg3+ 0-1

[Event "NWFD Ch 2019 Men"]
[Site "St. Petersburg"]
[Date "2019.03.08"]
[Round "2.10"]
[White "Osoblivi, Grigory"]
[Black "Makarov, Leonid"]
[Result "1/2-1/2"]
[WhiteElo "2222"]
[BlackElo "2097"]
[PlyCount "68"]
[EventDate "2019.03.07"]

1. e4 c5 2. Nf3 Nc6 3. d4 cxd4 4. Nxd4 g6 5. Nc3 Bg7 6. Be3 Nf6 7. Nb3 O-O 8.
Be2 a5 9. a4 Nb4 10. Bf3 d6 11. O-O Be6 12. Nd5 Nfxd5 13. exd5 Bf5 14. c3 Nc2
15. Ra2 Nxe3 16. fxe3 Qb6 17. Nd4 Bd7 18. Re1 Rae8 19. Qd2 e5 20. dxe6 fxe6 21.
Raa1 Be5 22. Rf1 d5 23. g3 h5 24. Kg2 Kg7 25. Ne2 Qd8 26. h4 Bc6 27. Nd4 Bc7
28. Nxc6 bxc6 29. Kh3 Qd6 30. Qg2 e5 31. e4 d4 32. Rad1 c5 33. Qe2 Qd7+ 34. Kg2
Qxa4 1/2-1/2

[Event "NWFD Ch 2019 Men"]
[Site "St. Petersburg"]
[Date "2019.03.08"]
[Round "2.11"]
[White "Cherniaev, Alexander"]
[Black "Ivanov, Rodion"]
[Result "1-0"]
[WhiteElo "2405"]
[BlackElo "1941"]
[PlyCount "95"]
[EventDate "2019.03.07"]

1. Nf3 Nf6 2. c4 c5 3. e3 g6 4. Nc3 Bg7 5. d4 O-O 6. h3 d6 7. Bd3 Nc6 8. O-O
Nd7 9. Be2 b6 10. d5 Nce5 11. Nd2 f5 12. f4 Nf7 13. Qc2 Nf6 14. b3 b5 15. Bb2
b4 16. Nd1 a5 17. a4 Re8 18. Nf2 e5 19. dxe6 Rxe6 20. Bf3 Ra7 21. Rae1 Rae7 22.
e4 Bb7 23. e5 dxe5 24. fxe5 Rd7 25. Bxb7 Rxd2 26. Qc1 Bh6 27. exf6 Rxe1 28.
Rxe1 Rd7 29. Qc2 Rxb7 30. Qe2 Rd7 31. Qe8+ Bf8 32. Bc1 Qxe8 33. Rxe8 Rd8 34.
Re6 Nd6 35. Be3 Kf7 36. Re5 Nb7 37. Bc1 Kxf6 38. Re2 Nd6 39. Kf1 g5 40. g4 Re8
41. Rd2 Ne4 42. Nxe4+ Rxe4 43. gxf5 Kxf5 44. Rf2+ Rf4 45. Bxf4 gxf4 46. Re2 Bd6
47. Kg2 Be5 48. Kf3 1-0

[Event "NWFD Ch 2019 Men"]
[Site "St. Petersburg"]
[Date "2019.03.08"]
[Round "2.12"]
[White "Andronov, Mikhail G"]
[Black "Osetrov, Dmitrij"]
[Result "0-1"]
[WhiteElo "2187"]
[BlackElo "1775"]
[PlyCount "100"]
[EventDate "2019.03.07"]

1. e4 c5 2. c3 d5 3. exd5 Qxd5 4. d4 Nc6 5. Nf3 Bg4 6. Be2 cxd4 7. cxd4 e6 8.
O-O Nf6 9. h3 Bh5 10. Nc3 Qa5 11. Qb3 Qb4 12. g4 Bg6 13. Nb5 Nd5 14. Bc4 a6 15.
Nc3 Nb6 16. a3 Qxb3 17. Bxb3 Bd3 18. Re1 O-O-O 19. Bg5 Be7 20. Bxe7 Nxe7 21.
Ne5 Bg6 22. h4 h5 23. Rad1 hxg4 24. d5 Nbxd5 25. Nxd5 Nxd5 26. Nxg6 fxg6 27.
Rxe6 Nf4 28. Re4 Rdf8 29. Be6+ Kb8 30. Bxg4 Rxh4 31. f3 Rfh8 32. Rd7 g5 33. b4
Rh1+ 34. Kf2 R8h2+ 35. Ke3 Re2+ 36. Kd4 Rd1+ 37. Ke5 Ng6+ 38. Kf5 Rxd7 39. Rxe2
Ne7+ 40. Kxg5 Rd5+ 41. Kf4 Ng6+ 42. Kg3 Kc7 43. Re6 Rd6 44. Re3 Kc6 45. f4 b6
46. f5 Nf8 47. Rc3+ Kd5 48. Kf4 Kd4 49. Rc1 Rf6 50. Rc7 Ne6+ 0-1

[Event "NWFD Ch 2019 Men"]
[Site "St. Petersburg"]
[Date "2019.03.08"]
[Round "2.13"]
[White "Bratus, Petr P"]
[Black "Radkov, Bazhen D"]
[Result "0-1"]
[WhiteElo "2097"]
[BlackElo "2150"]
[PlyCount "100"]
[EventDate "2019.03.07"]

1. d4 Nf6 2. Nf3 g6 3. c4 Bg7 4. Nc3 O-O 5. g3 d6 6. Bg2 Nbd7 7. O-O e5 8. e4
exd4 9. Nxd4 Re8 10. Re1 Nc5 11. h3 Bd7 12. b3 a5 13. Rb1 h5 14. Bg5 Qc8 15.
Kh2 Nh7 16. Be3 h4 17. g4 c6 18. Rc1 Qc7 19. Kg1 Re7 20. Qc2 Rae8 21. Rcd1 Ne6
22. Nxe6 Bxe6 23. Qd2 Bc8 24. Na4 b5 25. cxb5 cxb5 26. Rc1 Qb8 27. Nb6 Bb7 28.
Qxa5 Bxe4 29. Nd5 Re5 30. Bxe4 Rxe4 31. Nc7 R8e5 32. Red1 Rxe3 33. fxe3 Bh6 34.
Rc6 Bxe3+ 35. Kh1 Ng5 36. Rdxd6 Ne4 37. Rd7 Qc8 38. Qa8 Qxa8 39. Nxa8 Ng5 40.
Kg2 Bf4 41. Rc2 Re3 42. Nc7 Rxh3 43. Rf2 Bg3 44. Rd8+ Kg7 45. Ne8+ Kh6 46. Rfd2
Bf4 47. Rf2 Be3 48. Re2 Rg3+ 49. Kh1 Rg1+ 50. Kh2 Nf3+ 0-1

[Event "NWFD Ch 2019 Men"]
[Site "St. Petersburg"]
[Date "2019.03.08"]
[Round "2.14"]
[White "Semenenko, Sergey"]
[Black "Iurtsius, Sergei"]
[Result "1/2-1/2"]
[WhiteElo "2143"]
[BlackElo "1841"]
[PlyCount "113"]
[EventDate "2019.03.07"]

1. d4 d5 2. c4 e6 3. Nc3 Be7 4. Nf3 Nf6 5. Bg5 h6 6. Bh4 O-O 7. e3 Nbd7 8. Qc2
c6 9. Rd1 Nb6 10. c5 Nbd7 11. b4 Nh5 12. Bxe7 Qxe7 13. Be2 g6 14. Ne5 Nxe5 15.
dxe5 Qg5 16. Bxh5 Qxh5 17. f4 a5 18. b5 Qh4+ 19. Qf2 Qe7 20. e4 f6 21. exf6
Qxf6 22. Qg3 Qxf4 23. Qxg6+ Kh8 24. Ne2 Qxe4 25. Qxe4 dxe4 26. Rf1 Rxf1+ 27.
Kxf1 cxb5 28. Rd8+ Kg7 29. Nd4 b6 30. c6 b4 31. Kf2 Kf6 32. c7 a4 33. Ke3 e5
34. Nb5 b3 35. axb3 axb3 36. Nc3 b2 37. Nb1 Ke7 38. g4 b5 39. h4 b4 40. Kd2 e3+
41. Kxe3 Ra3+ 42. Kd2 Bxg4 43. c8=Q Bxc8 44. Rxc8 Rh3 45. Kc2 Rh2+ 46. Kb3 Ke6
47. Rc6+ Kf5 48. Rxh6 e4 49. Rh8 e3 50. Re8 e2 51. Kxb4 Rxh4+ 52. Kc3 Re4 53.
Rxe4 Kxe4 54. Kd2 Kf3 55. Ke1 Ke3 56. Nd2 Kd3 57. Nb1 1/2-1/2

[Event "NWFD Ch 2019 Men"]
[Site "St. Petersburg"]
[Date "2019.03.08"]
[Round "2.15"]
[White "Shoshin, Kirill"]
[Black "Zhuravlev, Aleksandr"]
[Result "1-0"]
[WhiteElo "1811"]
[BlackElo "2021"]
[PlyCount "57"]
[EventDate "2019.03.07"]

1. d4 Nf6 2. Bg5 Ne4 3. Bh4 g5 4. f3 gxh4 5. fxe4 c5 6. e3 d6 7. Bc4 Qa5+ 8.
Nc3 cxd4 9. exd4 Nc6 10. Qf3 Nxd4 11. Qxf7+ Kd8 12. O-O-O Qe5 13. Nf3 Nxf3 14.
gxf3 Bd7 15. Rdg1 Be8 16. Qe6 Qf4+ 17. Kb1 Bd7 18. Qd5 Bc6 19. Qe6 Bd7 20. Qd5
Bc6 21. Qh5 Kc7 22. Qa5+ Kd7 23. Nd5 Bxd5 24. Bxd5 Qe3 25. Be6+ Kc6 26. Qa4+ b5
27. Qa6+ Kc7 28. Bd5 Bh6 29. Qb7+ 1-0

[Event "NWFD Ch 2019 Men"]
[Site "St. Petersburg"]
[Date "2019.03.08"]
[Round "2.16"]
[White "Petrushev, Nikita"]
[Black "Trushnikov, Viacheslav"]
[Result "1-0"]
[WhiteElo "2238"]
[BlackElo "1734"]
[PlyCount "67"]
[EventDate "2019.03.07"]

1. e4 e5 2. Nf3 Nc6 3. Bb5 a6 4. Ba4 Nf6 5. O-O Be7 6. Re1 b5 7. Bb3 d6 8. c3
O-O 9. h3 Bb7 10. d4 Nd7 11. Nbd2 Na5 12. Bc2 exd4 13. cxd4 Bf6 14. e5 dxe5 15.
dxe5 Be7 16. Qe2 Re8 17. a4 b4 18. e6 Nf8 19. exf7+ Kxf7 20. Bxh7 Bf6 21. Be4
Qd7 22. Ng5+ Bxg5 23. Qh5+ Kg8 24. Qxg5 Nb3 25. Nxb3 Rxe4 26. Rxe4 Bxe4 27. Nc5
Qd1+ 28. Kh2 Bc6 29. Be3 Qd5 30. Qxd5+ Bxd5 31. Rd1 c6 32. a5 Kf7 33. Rd4 b3
34. Rb4 1-0

[Event "NWFD Ch 2019 Men"]
[Site "St. Petersburg"]
[Date "2019.03.08"]
[Round "2.17"]
[White "Lvov, Nikita"]
[Black "Zasypkin, Alexey"]
[Result "0-1"]
[WhiteElo "1936"]
[BlackElo "2184"]
[PlyCount "76"]
[EventDate "2019.03.07"]

1. d4 Nf6 2. c4 g6 3. Nf3 Bg7 4. g3 O-O 5. Bg2 d6 6. Nc3 Nc6 7. d5 Na5 8. b3 c5
9. Bb2 a6 10. Nd2 Rb8 11. Qc2 b5 12. O-O bxc4 13. bxc4 e6 14. Rab1 Re8 15. Nce4
Rxb2 16. Rxb2 Nxe4 17. Bxe4 exd5 18. Bxd5 Bxb2 19. Qxb2 Rxe2 20. Qc3 Bf5 21.
Rd1 Qc7 22. Qf3 Qe7 23. Kg2 Bc2 24. Bxf7+ Kg7 25. Rc1 Rxd2 26. Qc3+ Rd4 27.
Rxc2 Kxf7 28. Qxa5 Qe4+ 29. Kh3 Qf5+ 30. Kg2 Qxc2 31. Qc7+ Kf6 32. Qd8+ Kf5 33.
Kh3 Qe2 34. Qd7+ Qe6 35. g4+ Ke5 36. Qg7+ Qf6 37. Qb7 h5 38. Kg2 hxg4 0-1

[Event "NWFD Ch 2019 Men"]
[Site "St. Petersburg"]
[Date "2019.03.08"]
[Round "2.18"]
[White "Balakin, Vadim"]
[Black "Chuklin, Alexey"]
[Result "1-0"]
[WhiteElo "2072"]
[BlackElo "1875"]
[PlyCount "79"]
[EventDate "2019.03.07"]

1. d4 e6 2. e4 d5 3. Nc3 Bb4 4. Qd3 a6 5. Nf3 dxe4 6. Qxe4 Nf6 7. Qh4 b6 8. Bg5
Bb7 9. Be2 h6 10. O-O Nbd7 11. Rad1 Qe7 12. Bd2 O-O-O 13. Rfe1 g5 14. Qg3 Bxc3
15. Bxc3 Nh5 16. Qh3 Nf4 17. Qg3 Nf6 18. Bf1 N6h5 19. Qg4 Rdf8 20. Qf5 f6 21.
d5 Ng7 22. Qe4 e5 23. Bb4 Qf7 24. Bxf8 Rxf8 25. c4 h5 26. Qc2 h4 27. Bd3 Rh8
28. Bf5+ Kb8 29. h3 Nxf5 30. Qxf5 Bc8 31. Nxe5 Qg7 32. Nc6+ Kb7 33. Qe4 Qd7 34.
Qf3 Rh7 35. Ne7 Kb8 36. Nxc8 Kxc8 37. d6 c6 38. Re7 Rxe7 39. dxe7 Qe6 40. Rd8+
1-0

[Event "NWFD Ch 2019 Men"]
[Site "St. Petersburg"]
[Date "2019.03.08"]
[Round "2.19"]
[White "Nikitin, Vladimir"]
[Black "Starkov, Valery"]
[Result "0-1"]
[WhiteElo "1817"]
[BlackElo "2048"]
[PlyCount "100"]
[EventDate "2019.03.07"]

1. Nf3 Nf6 2. g3 g6 3. Bg2 Bg7 4. O-O O-O 5. d3 d6 6. e4 e5 7. a4 Nc6 8. Bd2 h6
9. Na3 Be6 10. c3 d5 11. Qe2 dxe4 12. dxe4 Qe7 13. b4 Nd7 14. Nc4 Nb6 15. Ne3
a5 16. b5 Nb8 17. Nh4 N8d7 18. Nd5 Bxd5 19. exd5 Nc5 20. Ra2 Rad8 21. c4 Ra8
22. Re1 Rfe8 23. f3 Kh7 24. Bf1 f5 25. Kh1 e4 26. Qd1 Nbd7 27. Bf4 Ne5 28. Rd2
Rad8 29. Bxe5 Bxe5 30. Qc2 Qf6 31. Rb1 b6 32. f4 Bc3 33. Re2 Bb4 34. Re3 Nb7
35. Bh3 Re7 36. Qe2 Rde8 37. Rd1 Bc5 38. Rb3 Nd6 39. Rbb1 Qc3 40. Rbc1 Qb3 41.
Qc2 Qxc2 42. Rxc2 e3 43. Nf3 e2 44. Re1 Bb4 45. Kg1 Re3 46. Nd2 Rd3 47. Nf3
Rxf3 48. Rexe2 Bc5+ 49. Kg2 Rxe2+ 50. Rxe2 Re3 0-1

[Event "NWFD Ch 2019 Men"]
[Site "St. Petersburg"]
[Date "2019.03.08"]
[Round "2.20"]
[White "Napalkov, Vladimir"]
[Black "Schetchikov, Vladimir"]
[Result "1/2-1/2"]
[WhiteElo "2034"]
[BlackElo "1814"]
[PlyCount "89"]
[EventDate "2019.03.07"]

1. d4 Nf6 2. c4 e6 3. Nc3 Bb4 4. e3 b6 5. Bd3 Bb7 6. Nf3 Be4 7. O-O Bxd3 8.
Qxd3 Bxc3 9. bxc3 O-O 10. e4 d6 11. Bg5 h6 12. Bh4 e5 13. Rad1 Nbd7 14. Rfe1
Qe7 15. Bg3 Nh5 16. Nh4 g6 17. Qe2 Nxg3 18. hxg3 Kh7 19. Nf3 Rae8 20. Qc2 f6
21. Nd2 Rf7 22. Nf1 Nf8 23. f3 Ne6 24. Ne3 c6 25. Qa4 Rc8 26. Re2 Kg7 27. Qc2
exd4 28. cxd4 c5 29. Nd5 Qe8 30. dxc5 dxc5 31. Rf2 Nd4 32. Qd3 Rc6 33. Kh2 Re6
34. Qc3 Re5 35. Kg1 Kh7 36. Rfd2 f5 37. exf5 Rfxf5 38. g4 Rf7 39. Rxd4 cxd4 40.
Qxd4 Re1+ 41. Rxe1 Qxe1+ 42. Kh2 Qh4+ 43. Kg1 h5 44. Qe4 hxg4 45. fxg4 1/2-1/2

[Event "NWFD Ch 2019 Men"]
[Site "St. Petersburg"]
[Date "2019.03.08"]
[Round "2.21"]
[White "Arkhipov, Vladislav"]
[Black "Gashev, Matvei"]
[Result "1/2-1/2"]
[WhiteElo "2019"]
[BlackElo "1806"]
[PlyCount "139"]
[EventDate "2019.03.07"]

1. e4 c5 2. Nf3 d6 3. d4 cxd4 4. Nxd4 Nf6 5. f3 e5 6. Nb3 Be6 7. Bg5 a6 8. Nc3
Nbd7 9. Qd2 Be7 10. Be2 O-O 11. O-O b5 12. a3 Rc8 13. Kh1 Qc7 14. f4 Rfd8 15.
Nc1 Nb6 16. Bxf6 Bxf6 17. f5 Bc4 18. b3 Bxb3 19. Nxb5 axb5 20. cxb3 d5 21. Bxb5
dxe4 22. Qe2 Nd5 23. Na2 Qb6 24. a4 e3 25. Rae1 Qd4 26. Bc4 Qd2 27. Nc1 Qxe2
28. Rxe2 Bg5 29. Na2 Nb6 30. Ba6 Rc7 31. h4 Bh6 32. Kh2 Rd2 33. Rfe1 Nd5 34. g3
Ne7 35. Rc1 Rxc1 36. Nxc1 Nxf5 37. Rg2 Nd4 38. Bc4 Kf8 39. a5 f5 40. Kh3 f4 41.
a6 Nc6 42. Nd3 f3 43. Rxd2 exd2 44. Nb2 Be3 45. Bd5 f2 46. Kg2 Nb4 47. Bf3 Nxa6
48. Nc4 e4 49. Be2 Ba7 50. Nxd2 Nc5 51. b4 e3 52. bxc5 exd2 53. Kxf2 Bxc5+ 54.
Kg2 Ke7 55. h5 Kf6 56. g4 Ke5 57. Kf1 Kd4 58. Bd1 Kd3 59. Ba4 h6 60. Bb5+ Ke3
61. Ba4 Bd6 62. Bb3 Bf4 63. Bd1 Bg3 64. Ba4 Bh4 65. Bd1 Be1 66. Ba4 Bh4 67. Bd1
Be1 68. Ba4 Kf3 69. Bd1+ Kg3 70. Be2 1/2-1/2

[Event "NWFD Ch 2019 Men"]
[Site "St. Petersburg"]
[Date "2019.03.08"]
[Round "2.22"]
[White "Petrov, Alexandr"]
[Black "Ponikarovsky, Alexey"]
[Result "1/2-1/2"]
[WhiteElo "1793"]
[BlackElo "1991"]
[PlyCount "22"]
[EventDate "2019.03.07"]

1. d4 d5 2. Nf3 c5 3. c3 Nf6 4. Bg5 e6 5. Nbd2 Nc6 6. e3 Be7 7. Bd3 b6 8. O-O
Bb7 9. Ne5 Nxe5 10. dxe5 Nd7 11. Bxe7 Qxe7 1/2-1/2

[Event "NWFD Ch 2019 Men"]
[Site "St. Petersburg"]
[Date "2019.03.08"]
[Round "2.23"]
[White "Rumiantsev, Rafail"]
[Black "Poklonskiy, Nikolay"]
[Result "1-0"]
[WhiteElo "1982"]
[BlackElo "1757"]
[PlyCount "117"]
[EventDate "2019.03.07"]

1. e4 e5 2. f4 exf4 3. Nf3 Be7 4. Bc4 Bh4+ 5. Kf1 d5 6. exd5 Bf6 7. d4 Ne7 8.
Nc3 O-O 9. Bxf4 Ng6 10. Bg3 a6 11. Kf2 b5 12. Bb3 Bb7 13. Qd3 Nd7 14. Ne4 Nb6
15. Nxf6+ Qxf6 16. Bxc7 Nxd5 17. Bxd5 Bxd5 18. c3 Rac8 19. Bg3 Bc4 20. Qd2 h6
21. Rhe1 Rfe8 22. b3 Bd5 23. Qd3 Nf4 24. Bxf4 Qxf4 25. Kg1 Be4 26. Qd2 Qf5 27.
Rac1 Qd5 28. Qf2 Re6 29. Ne5 Rf6 30. Qe2 Bh7 31. Qe3 Re6 32. Qf3 Qxf3 33. Nxf3
Rec6 34. Re3 f6 35. Nd2 a5 36. Kf2 a4 37. bxa4 b4 38. c4 Ra6 39. a3 Rxa4 40.
axb4 Rxb4 41. Rb3 Ra4 42. Rb2 Bg6 43. d5 Bf7 44. Rcb1 Kh7 45. Rb4 Ra6 46. Ke3
Bg6 47. R1b2 Ra3+ 48. R4b3 Ra1 49. Kd4 Rg1 50. Nf3 Rd1+ 51. Rd2 Rc1 52. Rc3 Ra1
53. Nh4 Bh5 54. Nf5 Rf1 55. Ng3 Rf4+ 56. Ke3 Re8+ 57. Kxf4 g5+ 58. Kf5 Bg6+ 59.
Kxf6 1-0

[Event "NWFD Ch 2019 Men"]
[Site "St. Petersburg"]
[Date "2019.03.08"]
[Round "2.24"]
[White "Maslyakov, Ivan"]
[Black "Yarosh, Ruslan"]
[Result "0-1"]
[WhiteElo "1741"]
[BlackElo "1977"]
[PlyCount "48"]
[EventDate "2019.03.07"]

1. e4 d6 2. f4 c5 3. Nc3 g6 4. Nf3 Bg7 5. Bc4 Nc6 6. O-O e6 7. d3 Nge7 8. Qe1
O-O 9. Qh4 d5 10. Bb3 Nd4 11. f5 exf5 12. Bg5 f6 13. Nxd5 Nxb3 14. Bxf6 Bxf6
15. Nxf6+ Rxf6 16. axb3 Nc6 17. Ng5 h5 18. Rae1 fxe4 19. Rxf6 Qxf6 20. Rxe4 Bf5
21. Rf4 Nd4 22. Rf2 Ne6 23. g4 Nxg5 24. Kg2 hxg4 0-1

[Event "NWFD Ch 2019 Men"]
[Site "St. Petersburg"]
[Date "2019.03.08"]
[Round "2.25"]
[White "Mikhailov, Stepan"]
[Black "Ananjev, Ilija"]
[Result "1/2-1/2"]
[WhiteElo "1958"]
[BlackElo "1755"]
[PlyCount "106"]
[EventDate "2019.03.07"]

1. e4 c6 2. Nf3 d5 3. exd5 cxd5 4. d4 Nc6 5. Nc3 Nf6 6. Be3 Bg4 7. Be2 e6 8. a3
Bd6 9. h3 Bxf3 10. Bxf3 Rc8 11. O-O O-O 12. Ne2 Qc7 13. c3 Na5 14. Bg5 Nd7 15.
Nc1 Nc4 16. Nd3 a5 17. Be2 h6 18. Bd2 Nf6 19. Bf3 Ne4 20. Bc1 f5 21. Bh5 g5 22.
f4 Qg7 23. Ne5 Bxe5 24. fxe5 Kh8 25. Be2 Rg8 26. Bxc4 Rxc4 27. Be3 Rc7 28. Rc1
b5 29. Rc2 Kh7 30. Qd3 Qd7 31. Kh2 Rgc8 32. Rcc1 b4 33. cxb4 Rxc1 34. Rxc1 Rxc1
35. Bxc1 axb4 36. axb4 g4 37. b5 g3+ 38. Kg1 Qc7 39. Bf4 Qa5 40. Bxg3 Nxg3 41.
Qxg3 Qxb5 42. Qc3 Kg6 43. b4 Qe2 44. Kh2 Qf1 45. Qd2 Kh7 46. Qe3 Kg6 47. Qg3+
Kh7 48. h4 Qe2 49. Qb3 Qc4 50. Qb2 Qb5 51. Kg3 Kg6 52. Kf2 Kg7 53. Qc3 Kg6
1/2-1/2